Strukturmerkmale der deutschen Geschichte des 20. Jahrhunderts

Bibliographic Details
Other Authors: Doering-Manteuffel, Anselm, 1949- (Editor), Müller-Luckner, Elisabeth (Editor)
Format: Book
Language:German
English
PhysicalDescription:vi, 273 s. grafy 24 cm
Published: München R. Oldenbourg 2006
ISBN:9783486580570 (viaz.)
3486580574
Series:Schriften des Historischen Kollegs. Kolloquien
Subjects:

MARC

LEADER 00000nam a2200000 a 4500
001 vtls009086537
003 SK-MaSNL
005 20260302085946.0
008 251029s2006 gw d g 101 0 ger
020 |a 9783486580570 (viaz.) 
020 |a 3486580574 
040 |a SNK  |b slo  |c SNK  |e AACR2 
041 0 |a ger  |a eng 
043 |a e-gx--- 
044 |a gw  |c DE 
072 7 |a 327  |x Medzinárodné vzťahy, svetová politika  |2 konspekt 
080 |a 327  |2 2001 
080 |a 328/329  |2 2001 
080 |a 338.2  |2 2001 
080 |a 304.2/.4  |2 2001 
080 |a (430)  |2 2001 
080 |a (062.534)  |2 2001 
245 0 0 |a Strukturmerkmale der deutschen Geschichte des 20. Jahrhunderts  |c herausgegeben von Anselm Doering-Manteuffel unter Mitarbeit von Elisabeth Müller-Luckner 
260 |a München  |b R. Oldenbourg  |c 2006 
300 |a vi, 273 s.  |b grafy  |c 24 cm 
490 1 |a Schriften des Historischen Kollegs. Kolloquien  |v 63 
546 |a Text aj angl. 
648 7 |a 20. stor.  |2 SNKPH  |9 275975 
650 0 7 |a zahraničné vzťahy  |2 SNKPH  |9 3832 
650 0 7 |a politika a vláda  |2 SNKPH  |9 3868 
650 0 7 |a hospodárska politika  |2 SNKPH  |9 2279 
650 0 7 |a kultúrna politika  |2 SNKPH  |9 66926 
651 7 |a Nemecko  |2 SNKPH  |9 21020 
655 7 |a zborníky konferencií  |2 SNKPH  |9 70153 
700 1 |a Doering-Manteuffel, Anselm,  |d 1949-  |4 edt  |9 756772 
700 1 |a Müller-Luckner, Elisabeth  |4 edt  |9 756773 
830 0 |a Schriften des Historischen Kollegs. Kolloquien  |9 756774 
919 |a 978-3-486-58057-0 
919 |a 3-486-58057-4 
999 |c 1194615  |d 1196545 
952 |a SNK  |b SNK  |y VYP  |7 0  |p 17A0561614  |o snkIC 135536  |i snk2007/22355  |8 2  |g 44.18  |0 0  |1 0  |4 0  |d 2007-08-10  |l 0  |r 2026-02-24 22:22:53  |w 2026-02-24